• 首页
  • 本馆介绍
  • 公告通知
  • 最新文献
  • 馆藏检索
  • 电子资源
  • 读者导购
  • 参考咨询
  • 我的图书馆
  • 登录
  • 详细信息显示
  • 放入我的书架
  • 预约/预借图书
  • 作者相关作品
  • 分类相关作品
  • 丛书相关作品
  • 出版社相关作品

书目信息

  • 表格格式
  • 工作单格式
  • 卡片格式
题名:
碳基和类碳超硬材料的第一性原理研究
    
 
作者: 蒋雪 著
分册:  
出版信息: 大连   大连理工大学出版社  2018
页数: 233页
开本: 23cm
丛书名: 大连理工大学学术文库
单 册:
中图分类: TB39
科图分类:
主题词: 超硬材料--chao ying cai liao--研究
电子资源:
ISBN: 978-7-5685-1099-8
000 01287cam 2200301 45
001 012001003372
005 20140130115304.0
010    @a978-7-5685-1099-8@dCNY45.00
099    @aCAL 012018195090
100    @a20181011d2018 em y0chiy50 ea
101 0  @achi@eeng
102    @aCN@b210000
105    @aak a 000yy
106    @ar
200 1  @a碳基和类碳超硬材料的第一性原理研究@Atan ji he lei tan chao ying cai liao de di yi xing yuan li yan jiu@f蒋雪著
210    @a大连@c大连理工大学出版社@d2018
215    @a233页@c图@d23cm
225 2  @a大连理工大学学术文库@Ada lian li gong da xue xue shu wen ku
306    @a本书由大连市人民政府资助出版
320    @a有书目 (第182-225页)
330    @a本书探究了在众多新合成的和潜在的超硬材料中, 碳基和类碳单质或化合物占据了很大比重。其中材料的维度、尺寸、组分, 密度以及键的杂化状态对碳基和类碳材料的硬度等力学性能至关重要, 对它们的研究, 可以加深人们对超硬材料硬度起源的理解, 并为设计和预言超硬性提供可靠的理论依据。
410  0 @12001 @a大连理工大学学术文库
513 1  @aFrist-principle studies of carbon-based and carbon-like superhard material@zeng
606 0  @a超硬材料@Achao ying cai liao@x研究
690    @aTB39@v5
701  0 @a蒋雪@Ajiang xue@4著
801  0 @aCN@b北京卓展@c20191020
905    @b1211398-401@dTB39@e531@f4
    
    碳基和类碳超硬材料的第一性原理研究/蒋雪著.-大连:大连理工大学出版社,2018
    233页:图;23cm.-(大连理工大学学术文库)
    
    
    ISBN 978-7-5685-1099-8:CNY45.00
    本书探究了在众多新合成的和潜在的超硬材料中, 碳基和类碳单质或化合物占据了很大比重。其中材料的维度、尺寸、组分, 密度以及键的杂化状态对碳基和类碳材料的硬度等力学性能至关重要, 对它们的研究, 可以加深人们对超硬材料硬度起源的理解, 并为设计和预言超硬性提供可靠的理论依据。
●
相关链接 在E读中查询图书 在五车中查询图书 在当当中查询图书 在豆瓣中查询图书


正题名:碳基和类碳超硬材料的第一性原理研究     索取号:TB39/531         预约/预借

序号 登录号 条形码 馆藏地/架位号 状态 备注
1 1211398   212113988   第二样本阅览室/ [索取号:TB39/531] 在馆    
2 1211399   212113997   第三借阅区/ [索取号:TB39/531] 在馆    
3 1211400   212114004   第三借阅区/ [索取号:TB39/531] 在馆    
4 1211401   212114013   第三借阅区/ [索取号:TB39/531] 在馆    
唐山师范学院图书馆 欢迎您!
大连网信软件有限公司© 版权所有